|
|
|
|
| LEADER |
00586cam a2200169 7i4500 |
| 001 |
0000027806 |
| 005 |
20120606090000.0 |
| 020 |
0 |
0 |
|a 9780821387009
|
| 090 |
0 |
0 |
|a I 338.9105
|b GLO
|
| 245 |
0 |
0 |
|a Global monitoring report 2011 :
|b improving the odds of achieving the MDGs.
|
| 260 |
0 |
0 |
|a Washington D.C:
|b The World Bank,
|c 2011.
|
| 300 |
# |
# |
|a 177 p.
|
| 650 |
0 |
0 |
|a Economic development
|
| 650 |
0 |
0 |
|a Economic policy
|
| 650 |
0 |
0 |
|a Economic development --
|x Developing countries
|
| 650 |
0 |
0 |
|a Economic policy --
|x Developing countries
|
| 999 |
|
|
|a 0000030306
|b Book
|c International
|e Business Information Centre
|